000 00564nam a2200193 4500
001 133312
003 ES-MaACL
005 20240430105749.0
007 t|
008 070214s1971 sp r ||||1| spa d
100 0 _aRoth, Joseph,
_d1894-1939
_999952
245 1 0 _aHotel Savoy /
_cJoseph Roth ; traducción de Feliu Formosa.
250 _a1ª. ed.
260 _aBarcelona :
_bSeix Barral,
_c1971.
300 _a160 p. ;
_c20 cm.
700 1 _aFormosa, Feliu,
_d1934-
_951759
852 _aES-MaACL
_jC-49519
_bR.79244
999 _c133312
_d133312